LIBRARY ONLINE CATALOGUE

Disaster management and sustainabe development : (Record no. 9569)

MARC details
000 -LEADER
fixed length control field 00873cam a22002532 4500
001 - CONTROL NUMBER
control field 0000021146
005 - DATE AND TIME OF LATEST TRANSACTION
control field 20151217152226.0
008 - FIXED-LENGTH DATA ELEMENTS--GENERAL INFORMATION
fixed length control field 120116s xx 000 0 eng d
020 ## - INTERNATIONAL STANDARD BOOK NUMBER
International Standard Book Number 8182743878 :
040 ## - CATALOGING SOURCE
Original cataloging agency KABU
Transcribing agency KABU
245 10 - TITLE STATEMENT
Title Disaster management and sustainabe development :
Remainder of title emerging issues and concerns /
Statement of responsibility, etc. edited by Rajesh Anand, N. C. Jana, Sudhir Singh.
250 ## - EDITION STATEMENT
Edition statement 1st ed.
260 ## - PUBLICATION, DISTRIBUTION, ETC. (IMPRINT)
Place of publication, distribution, etc. New Delhi :
Name of publisher, distributor, etc. Pentagon,
Date of publication, distribution, etc. 2009.
300 ## - PHYSICAL DESCRIPTION
Extent xxi, 229 p.
650 #0 - SUBJECT ADDED ENTRY--TOPICAL TERM
Topical term or geographic name as entry element Emergency management
Geographic subdivision India.
-- 0000181864
650 #0 - SUBJECT ADDED ENTRY--TOPICAL TERM
Topical term or geographic name as entry element Natural disaster
Geographic subdivision India.
-- 0000181865
650 #0 - SUBJECT ADDED ENTRY--TOPICAL TERM
Topical term or geographic name as entry element Sustainable development
Geographic subdivision India.
-- 0000167263
700 1# - ADDED ENTRY--PERSONAL NAME
Personal name Jana, N. C.
-- 0000181866
700 1# - ADDED ENTRY--PERSONAL NAME
Personal name Singh, Sudhir.
-- 0000181867
700 1# - ADDED ENTRY--PERSONAL NAME
Personal name Anand, Rajesh.
-- 0000181868
852 1# - LOCATION
-- p5400 KES
908 ## - PUT COMMAND PARAMETER (RLIN)
Put command parameter 120116
950 ## - LOCAL HOLDINGS (RLIN)
-- 1
Holdings
Withdrawn status Lost status Source of classification or shelving scheme Not for loan Home library Current library Date acquired Total Checkouts Full call number Barcode Date last seen Date last checked out Price effective from Koha item type
    Library of Congress Classification   Kabarak, Main Campus Kabarak, Main Campus 17/12/2015 1 HV551.5 .I4D57 2009 c. 1 20433 08/02/2019 31/01/2019 17/12/2015 General Collection